00410nam a2200145Ia 4500008004100000020001800041041000800059082001700067100001400084245009700098260001800195300000900213365001600222700002600238230718s9999 xx 000 0 und d a9789332519923 aeng a372.126bTHO aThorpe E. aThe Pearson General Studies (Paper- II) 2014bFor The Civil Services Preliminary Examination c2014bPearson a1253 cRs.b700.00 aThorpe E. & Thorpe S.